00322nam a2200133Ia 4500008004100000100002100041245003100062260000900093300001300102504001100115650002000126700002200146773002000168181130s2018 xx 000 0 und d aRajput, Vaishali aWomen on the sports podium c2018 ap.24-27. d25-Jun aWomen in sports aLau, Suresh Kumar aUniversity News